000
00311nam a2200133Ia 4500
005
20251222155138.0
008
251222s9999||||xx |||||||||||||| ||spa||
082
_a
MAN.06.13
100
_a
O.P.S.
245
0
_a
Manual de Tratamiento de la Diarrea
250
_a
1ra. ed.
264
_b
OPS/OMS
942
_c
LIB
999
_c
39091
_d
39091